00690nam a2200181 a 4500003000200000005001700002008004100019050003500060100003600095245007500131260009200206300004000298504004100338650002700379650004000406650003200446650003000478020250317130917.0071127s19uu xx 00 eng d aPGS HF 5827.85.B63b.H557 2007 aHernandez, Scarlett Claudine S. aEffects of mass media on body image /cScarlett Claudine S. Hernandez. aLas Piñas City, Philippines : bSouthville International School and Colleges,c2007. a53 pages :billustrations ;c28 cm. aIncludes bibliographical references. aMass media and youth.  aAdvertisingvPsychological aspects. aBody image in adolescence.  aSelf-perception in youth.